000
00314nam a2200133Ia 4500
100
_a
Kernighan/B.W & ritchied
942
_c
BK
654
_a
C programming language
245
_a
C programming language
260
_b
Prentice Hall of India
_a
New Delhi
_c
1991
300
_a
272
546
_a
ENGLISH
999
_c
24853
_d
24853